An Introduction to the international protection of human rights : (Record no. 4516)
[ view plain ]
| 000 -LEADER | |
|---|---|
| fixed length control field | 00830cam a22002292 4500 |
| 001 - CONTROL NUMBER | |
| control field | 0000024329 |
| 005 - DATE AND TIME OF LATEST TRANSACTION | |
| control field | 20151217145947.0 |
| 008 - FIXED-LENGTH DATA ELEMENTS--GENERAL INFORMATION | |
| fixed length control field | 130717s xx 000 0 eng d |
| 020 ## - INTERNATIONAL STANDARD BOOK NUMBER | |
| International Standard Book Number | 9521202475 : |
| 040 ## - CATALOGING SOURCE | |
| Original cataloging agency | KABU |
| Transcribing agency | KABU |
| 245 13 - TITLE STATEMENT | |
| Title | An Introduction to the international protection of human rights : |
| Remainder of title | a textbook / |
| Statement of responsibility, etc. | edited by Raija Hanski and Markku Suksi. |
| 250 ## - EDITION STATEMENT | |
| Edition statement | 2nd revised ed. |
| 260 ## - PUBLICATION, DISTRIBUTION, ETC. (IMPRINT) | |
| Place of publication, distribution, etc. | Turku, Finland : |
| Name of publisher, distributor, etc. | Institute of Human Rights, |
| Date of publication, distribution, etc. | 1999. |
| 300 ## - PHYSICAL DESCRIPTION | |
| Extent | xii, 468 p. |
| 650 #0 - SUBJECT ADDED ENTRY--TOPICAL TERM | |
| Topical term or geographic name as entry element | Human rights. |
| -- | 0000150298 |
| 700 1# - ADDED ENTRY--PERSONAL NAME | |
| Personal name | Suksi, Markku. |
| -- | 0000184335 |
| 852 1# - LOCATION | |
| -- | p25500 KES |
| 852 1# - LOCATION | |
| -- | p25500 KES |
| 852 1# - LOCATION | |
| -- | p25500 KES |
| 908 ## - PUT COMMAND PARAMETER (RLIN) | |
| Put command parameter | 130717 |
| 950 ## - LOCAL HOLDINGS (RLIN) | |
| -- | 1 |
| Withdrawn status | Lost status | Source of classification or shelving scheme | Not for loan | Home library | Current library | Date acquired | Total Checkouts | Full call number | Barcode | Date last seen | Date last checked out | Price effective from | Koha item type | Total Renewals |
|---|---|---|---|---|---|---|---|---|---|---|---|---|---|---|
| Library of Congress Classification | Kabarak, Main Campus | Kabarak, Main Campus | 17/12/2015 | 4 | K3240.4 .I58 1999 c. 5 | 015929 | 03/12/2021 | 25/11/2021 | 17/12/2015 | General Collection | ||||
| Library of Congress Classification | Kabarak, Main Campus | Kabarak, Main Campus | 17/12/2015 | 1 | K3240.4 .I58 1999 c. 1 | 015894 | 25/09/2019 | 21/07/2016 | 17/12/2015 | General Collection | ||||
| Library of Congress Classification | Kabarak, Main Campus | Kabarak, Main Campus | 17/12/2015 | 4 | K3240.4 .I58 1999 c. 4 | 015897 | 01/11/2016 | 31/10/2016 | 17/12/2015 | General Collection | ||||
| Library of Congress Classification | Kabarak, Main Campus | Kabarak, Main Campus | 17/12/2015 | 3 | K3240.4 .I58 1999 c. 3 | 015896 | 08/07/2019 | 27/06/2019 | 17/12/2015 | General Collection | 1 | |||
| Library of Congress Classification | Kabarak, Main Campus | Kabarak, Main Campus | 17/12/2015 | 3 | K3240.4 .I58 1999 c. 2 | 015895 | 02/10/2019 | 01/10/2019 | 17/12/2015 | General Collection |